|
|
|
|
| LEADER |
00000nam0a2200000 4500 |
| 001 |
58927 |
| 005 |
20231101211754.0 |
| 035 |
|
|
|a (RuTPU)RU\TPU\book\62259
|
| 090 |
|
|
|a 58927
|
| 100 |
|
|
|a 20031210d1951 k y0rusy50 ca
|
| 101 |
0 |
|
|a rus
|
| 102 |
|
|
|a RU
|
| 105 |
|
|
|a a z 001zy
|
| 200 |
1 |
|
|a Сборочно-сварочные приспособления и механизмы
|f Б. А. Таубер
|
| 210 |
|
|
|a Москва
|c Машгиз
|d 1951
|
| 215 |
|
|
|a 415 с.
|c ил.
|
| 320 |
|
|
|a Библиография: с. 412-413.
|
| 606 |
1 |
|
|a Сварочные приспособления
|x Проектирование
|x Конструкция и расчет
|2 stltpush
|3 (RuTPU)RU\TPU\subj\54038
|9 72200
|
| 610 |
1 |
|
|a сварка
|
| 610 |
1 |
|
|a сборка
|
| 610 |
1 |
|
|a сборочные приспособления
|
| 610 |
1 |
|
|a механизмы
|
| 610 |
1 |
|
|a изготовление
|
| 610 |
1 |
|
|a конструкции
|
| 610 |
1 |
|
|a расчеты
|
| 610 |
1 |
|
|a сборочно-сварочные процессы
|
| 675 |
|
|
|a 621.791.03
|v 3
|
| 700 |
|
1 |
|a Таубер
|b Б. А.
|
| 801 |
|
1 |
|a RU
|b 63413507
|c 20031210
|g PSBO
|
| 801 |
|
2 |
|a RU
|b 63413507
|c 20210607
|g PSBO
|
| 942 |
|
|
|c BK
|